Barbie The Album Tracklist - Statistics

General Stats
  • This quiz has been taken 11 times
  • The average score is 9 of 17
Answer Stats
Artist Song % Correct
Dua Lipa Dance the Night
100%
Billie Eilish What Was I Made For?
91%
Nicki Minaj & Ice Spice (with Aqua) Barbie World
73%
Ryan Gosling I’m Just Ken
73%
Lizzo Pink
73%
Charli XCX Speed Drive
73%
PinkPantheress Angel
45%
Khalid Silver Platter
45%
FIFTY FIFTY (feat. Kaliii) Barbie Dreams
36%
GAYLE butterflies
36%
Ava Max Choose Your Fighter
36%
Tame Impala Journey To The Real World
36%
Sam Smith Man I Am
36%
KAROL G (feat. Aldo Ranks) WATATI
36%
The Kid LAROI Forever & Again
27%
Dominic Fike Hey Blondie
27%
HAIM Home
27%
No matching quizzes found
Score Distribution
Percent of People with Each Score
Percentile by Number Answered
Your Score History
You have not taken this quiz